Logo BPK

Biblioteka

Politechniki Koszalińskiej

Business communication today : (Rekord nr 47709)

Szczegóły MARC
000 -ETYKIETA REKORDU
podpole kontrolne o stałej długości 00410nam a2200157 i 4500
001 - NUMER KONTROLNY REKORDU
pole kontrolne bgj
040 ## - ŹRÓDŁO KATALOGOWANIA
Instytucja, która utworzyła rekord BPK
041 ## - KOD JĘZYKA
Kod języka tekstu eng
008 - POLE O STAŁEJ DŁUGOŚCI - DANE KONTROLNE
podpole kontrolne o stałej długości s uk f |000 0 eng
100 1# - NAZWA OSOBOWA
Nazwa osobowa BOVEE, Courtland L.
245 10 - TYTUŁ/ODPOWIEDZIALNOŚĆ
Tytuł Business communication today :
Ciąg dalszy tytułu study guide /
Pozostałe elementy strefy tytułu i oznaczenia odpowiedzialności Courtland L. Bovee, John V. Thill.
250 ## - STREFA WYDANIA
Oznaczenie wydania 2nd ed.
260 ## - STREFA ADRESU WYDAWNICZEGO
Miejsce wydania New York,
Data publikacji, dystrybucji/powstania dokumentu cop. 1989.
700 1# - HASŁO DODATKOWE - NAZWA OSOBOWA
Nazwa osobowa THILL, John V.
856 ## - LOKALIZACJA I DOSTĘP DO ELEKTRONICZNYCH DOKUMENTÓW ZDALNYCH
Link (URL) http://koha.tu.koszalin.pl/cgi-bin/koha/opac-detail.pl?biblionumber=47709
Tekst linku Katalog online BPK
942 ## - DODATKOWE ELEMENTY (KOHA)
Typ dokumentu Książka
Egzemplarze
Wycofany Status egzemplarza Uszkodzony Dostępność Lokalizacja stała Lokalizacja bieżąca Miejsce przechowywania Sygnatura Kod kreskowy Typ dokumentu
      Tylko na miejscu Biblioteka Politechniki Koszalińskiej Biblioteka Politechniki Koszalińskiej Czytelnia Wydziałowa ul. Kwiatkowskiego 6e KA 4260 09086432 Książka
© 2023 Biblioteka Politechniki Koszalińskiej :: KOHA